01515nabaa22001697a 4500003000400000005001700004008004100021040000700062100002100069245007100090300001500161505090600176505009001082650002701172650003101199773011501230OSt20260122090621.0190701b xxu||||| |||| 00| 0 spa d cPJ aUrristi, Ramiro 13aLa integración del Consejo de la Magistratura /cRamiro Urristi. ap. 134-165 aSumario: I. Introducción.— II. El Consejo de la Magistratura.— III. Regulación constitucional de la institución.— IV. Regulación legal de la integración del órgano (cuadro sinóptico).— V. El caso “Rizzo” y la inconstitucionalidad parcial de la ley 26.855.— VI. El caso “Monner Sans” y la consolidación de la ley 26.080.— VII. El caso “Colegio de Abogados de la Ciudad”.— VIII. Los efectos de la sentencia y el ejercicio de facultades legislativas por parte de la Corte.— IX. Hechos posteriores al fallo “Colegio de Abogados”.— X. El dec. DPP 33/2022.— XI. El dec. DPP 86/2022.— XII. El fallo “Juez” y la legitimación del legislador.— XIII. El thema decidendum del fallo “Juez”.— XIV. Doctrina sobre los actos políticos y su eventual revisión judicial.— XV. Jurisprudencia sobre las cuestiones políticas.— XVI. Conclusiones. t¿Te interesa el texto completo? Comunicate al correo: koha@justierradelfuego.gov.ar  0aDERECHO ADMINISTRATIVO 0aCONSEJO DE LA MAGISTRATURA0 02842dBuenos Aires : AbeledoPerrot, 2012-oDA121tDerecho administrativo. Nº 145 enero/febrero 2023z18510590